000
00316pab a2200145 454500
008
180718b1987 xxu||||| |||| 00| 0 eng d
100
_a
Gopalakrishnan, R.
245
_a
Agriculture environment
260
_c
1987
300
_a
4-7
362
_a
1 Jun.
650
_a
Environment
773
_a
Yojana
909
_a
7668
999
_c
7668
_d
7668